Aprender a enseñar geografía /

Este libro tiene por finalidad resolver problemas prácticos del trabajo cotidiano del profesor cuando éste tiene que diseñar la actividad escolar relacionada con el conocimiento de la Geografía y las pautas que sugiere la Reforma. Los autores han realizado un esfuerzo para dar soluciones prácticas,...

Full description

Bibliographic Details
Main Author: Calaf Masachs, Roser
Other Authors: Suárez Casares, Angeles, Menéndez Fernández, Rafael
Format: Libro
Language:Spanish
Published: Barcelona Oikos-tau 1997
Subjects:
Online Access:

MARC

LEADER 00000cam a2200000 a 4500
001 016284
003 UAHC_CL
005 20170803121346.0
008 080624s1997 sp 000 spa
020 |a 8428109206 
040 |a UAHC_CL  |c UAHC_CL  |d UAHC_CL 
082 0 4 |a 372.891  |b C141  |2 20 
100 1 |a Calaf Masachs, Roser 
245 1 0 |a Aprender a enseñar geografía /  |c Roser Calaf, Angeles Suárez, Rafael Menéndez. 
260 |b Oikos-tau  |a Barcelona  |c 1997 
300 |a 248 p. 
520 |a Este libro tiene por finalidad resolver problemas prácticos del trabajo cotidiano del profesor cuando éste tiene que diseñar la actividad escolar relacionada con el conocimiento de la Geografía y las pautas que sugiere la Reforma. Los autores han realizado un esfuerzo para dar soluciones prácticas, sin olvidar ofrecer reflexiones de carácter teórico. La estructura de los capítulos es la siguiente: una breve introducción al tema, un desarrollo teórico-práctico y una ejemplificación práctica. El libro tiene los capítulos necesarios para ser un proyecto funcional y responde a las necesidades del trabajo cotidiano del aula y en el día a día. 
521 |a Taller 7. Didáctica de la geografía 
650 4 |a GEOGRAFIA  |x ENSEÑANZA 
653 |a PEDAGOGIA EN HISTORIA Y CIENCIAS SOCIALES 
653 |a GEOGRAFIA 
658 |a Garrido, Marcelo 
700 1 |a Suárez Casares, Angeles 
700 1 |a Menéndez Fernández, Rafael 
900 |a 372.891 CAL 
942 |c BK 
952 |0 0  |1 0  |4 0  |6 372_891000000000000_CAL  |7 0  |8 General  |9 32480  |a BC  |b BC  |c General  |d 2017-08-03  |o 372.891 CAL  |p 1363778  |r 2026-01-13 00:00:00  |t 1  |w 2017-08-03  |y BK 
952 |0 0  |1 0  |4 0  |6 372_891000000000000_CAL  |7 0  |8 General  |9 32481  |a BC  |b BC  |c General  |d 2017-08-03  |o 372.891 CAL  |p 1363777  |r 2026-01-13 00:00:00  |t 2  |w 2017-08-03  |y BK 
999 |c 16284  |d 16284